000 00601nam a22001697a 4500
003 UA-OsUOA
001 16897
007 ta
008 20040202b un ||||| |||| 00| 0 ukr d
942 _cSA
040 _aUA-OsUOA
_cUA-OsUOA
_dUA-OsUOA
245 _aСоціально- економічне становище Рівненської області за 2003 рік : Повідомлення обл. упр. статистики
300 _aС.2
955 _a0
773 0 _w0
_tВісті Рівненщини
_dРівне
_d2004
_g№9/28 січ./
650 7 _aКраєзнавча робота
_2UDC
999 _c303065
_d303065